| 000 | 02570cam a22004094a 4500 | ||
|---|---|---|---|
| 999 |
_c29854 _d29854 |
||
| 003 | BJBSDDR | ||
| 005 | 20230410104005.0 | ||
| 007 | ta | ||
| 008 | 000412s2000 mauab b 001 0 eng | ||
| 020 | _a0262032767 | ||
| 020 | _a9780262032766 | ||
| 020 | _a0262532026 | ||
| 020 | _a9780262532020 | ||
| 040 |
_aDLC _cDLC _beng |
||
| 041 | _aeng | ||
| 042 | _apcc | ||
| 043 | _an-us-ca | ||
| 050 | 1 | 4 |
_aNA 7238 _bC965p 2000 |
| 082 | 0 | 0 | _a307.76/09794/9409044 |
| 100 | 1 |
_aCuff, Dana, _d1953- |
|
| 245 | 1 | 4 |
_aThe provisional city : _bLos Angeles stories of architecture and urbanism / _cDana Cuff. |
| 260 |
_aCambridge, Mass. : _bMIT Press, _cc2000. |
||
| 300 |
_ax, 380 pages : _billustrations, maps ; _c26 cm. |
||
| 504 | _aIncludes bibliographical references (p. [257]-372) and index. | ||
| 520 | _aThe provisional city is one of constant erasure and eruption. Through what Dana Cuff calls a "convulsive urban act," developers both public and private demolish an urban site and disband its inhabitants, replacing it with some vision of a better life that leaves no trace of the former structure. Architects bring their own utopian dreams to the process. In this book Cuff examines those convulsions through two underestimated dimensions of architectural and urban form: scale and the politics of property. Scale is intimately tied to degree of disruption: the larger a project's scale, the greater the upheaval. As both culture and geography, real estate plays an equally significant role in urban formation. | ||
| 650 | 0 |
_aArchitecture, Domestic _zCalifornia _zLos Angeles. |
|
| 650 | 4 |
_aArquitectura doméstica _zLos Ángeles (California, Estados Unidos) _926370 |
|
| 650 | 0 |
_aArchitecture _zCalifornia _zLos Angeles _xHistory _y20th century. |
|
| 650 | 4 |
_aArquitectura _zLos Ángeles (California, Estados Unidos) _xHistoria _ySiglo XX _94309 |
|
| 650 | 0 |
_aCity planning _zCalifornia _zLos Angeles _xHistory _y20th century. |
|
| 650 | 4 |
_aUrbanismo _zLos Ángeles (California, Estados Unidos) _94616 |
|
| 650 | 0 |
_aPublic housing _zCalifornia _zLos Angeles _xHistory _y20th century. |
|
| 650 | 4 |
_aVivienda popular _zLos Ángeles (California, Estados Unidos) _xHistoria _ySiglo XX _926371 |
|
| 906 |
_a7 _bcbc _corignew _d1 _eocip _f20 _gy-gencatlg |
||
| 942 |
_2lcc _cBK |
||